<?xml version="1.0" encoding="UTF-8"?><?xml-stylesheet type="text/xsl" href="static/style.xsl"?><OAI-PMH xmlns="http://www.openarchives.org/OAI/2.0/" xmlns:xsi="http://www.w3.org/2001/XMLSchema-instance" xsi:schemaLocation="http://www.openarchives.org/OAI/2.0/ http://www.openarchives.org/OAI/2.0/OAI-PMH.xsd"><responseDate>2026-04-29T04:52:19Z</responseDate><request verb="GetRecord" identifier="oai:repisalud.isciii.es:20.500.12105/25821" metadataPrefix="marc">https://repisalud.isciii.es/rest/oai/request</request><GetRecord><record><header><identifier>oai:repisalud.isciii.es:20.500.12105/25821</identifier><datestamp>2025-12-18T12:58:14Z</datestamp><setSpec>com_20.500.12105_2203</setSpec><setSpec>com_20.500.12105_2202</setSpec><setSpec>col_20.500.12105_19585</setSpec></header><metadata><record xmlns="http://www.loc.gov/MARC21/slim" xmlns:dcterms="http://purl.org/dc/terms/" xmlns:doc="http://www.lyncode.com/xoai" xmlns:xsi="http://www.w3.org/2001/XMLSchema-instance" xsi:schemaLocation="http://www.loc.gov/MARC21/slim http://www.loc.gov/standards/marcxml/schema/MARC21slim.xsd">
   <leader>00925njm 22002777a 4500</leader>
   <datafield ind2=" " ind1=" " tag="042">
      <subfield code="a">dc</subfield>
   </datafield>
   <datafield ind2=" " ind1=" " tag="720">
      <subfield code="a">Instituto de Salud Carlos III. Gabinete de prensa</subfield>
      <subfield code="e">author</subfield>
   </datafield>
   <datafield ind2=" " ind1=" " tag="260">
      <subfield code="c">2024-11-28</subfield>
   </datafield>
   <datafield ind2=" " ind1=" " tag="520">
      <subfield code="a">Una investigación llevada a cabo por un equipo del Centro Nacional de Microbiología (ISCIII) ha concluido que el tratamiento con fármacos inmunomoduladores como ponatinib, unido a la terapia antirretroviral, puede ser eficaz para potenciar la actividad antiviral de células citotóxicas y contribuir a la eliminación del reservorio viral en casos de infección por el virus VIH-1. En la investigación han participado 23 pacientes tratados con ponatinib, un inhibidor de la tirosina cinasa (ITC) que se utiliza contra la leucemia mieloide crónica (LMC), y que también ha demostrado ser eficaz contra la infección por VIH-1 in vitro. El estudio ha evaluado, en células mononucleares de sangre periférica, la capacidad de este fármaco de inducir el desarrollo de poblaciones celulares citotóxicas con actividad anticancerosa y antiviral. Estos resultados alientan la posibilidad de utilizar este tratamiento en ensayos clínicos de personas con VIH, una infección que actualmente no puede curarse debido a los reservorios virales de larga duración formados por células T CD4+ infectadas de forma latente.</subfield>
   </datafield>
   <datafield ind1="8" ind2=" " tag="024">
      <subfield code="a">Nota de prensa y noticia publicada el 28/11/2024.</subfield>
   </datafield>
   <datafield ind1="8" ind2=" " tag="024">
      <subfield code="a">https://hdl.handle.net/20.500.12105/25821</subfield>
   </datafield>
   <datafield tag="653" ind2=" " ind1=" ">
      <subfield code="a">Siistema inmunitario</subfield>
   </datafield>
   <datafield tag="653" ind2=" " ind1=" ">
      <subfield code="a">VIH</subfield>
   </datafield>
   <datafield tag="653" ind2=" " ind1=" ">
      <subfield code="a">Reservorio viral</subfield>
   </datafield>
   <datafield tag="653" ind2=" " ind1=" ">
      <subfield code="a">Terapia antirretroviral</subfield>
   </datafield>
   <datafield tag="653" ind2=" " ind1=" ">
      <subfield code="a">Infección por el virus VIH-1</subfield>
   </datafield>
   <datafield ind2="0" ind1="0" tag="245">
      <subfield code="a">Un estudio acerca la posibilidad de ‘reprogramar’ el sistema inmunitario para eliminar el reservorio viral de personas con VIH</subfield>
   </datafield>
</record></metadata></record></GetRecord></OAI-PMH>